000 00850nam a2200253Ia 4500
003 OSt
005 20220926011911.0
006 a|||||r|||| 00| 0
007 ta
008 220923b |||||||| |||| 00| 0 eng d
037 _cGeneral Book
040 _aRTL
_cRTL
_beng
041 _2eng
_aeng
082 _aX:89Q8, J8
110 _aAmerican management association, manufacturing division
_9315211
245 0 _aQuality controal in action
_b Tools techniques, and
260 _aNew York
_bAmerican management association manufacturing division USA
_c1958
300 _a116p.
_ccm.
490 _aAmeican management association management Report, 9.
650 _aQuality Control
700 _aAmerican management association, manufacturing division
_9315212
942 _hX:89Q8, J8
_cGB
_2CC
999 _c621261
_d621261